[Event "XI Weekend A"]
[Site "Vignola ITA"]
[Date "2012.11.16"]
[Round "1"]
[White "Ballista, Massimiliano"]
[Black "Cocuzzi, Edoardo"]
[WhiteElo "1640"]
[BlackElo "1958"]
[Result "0-1"]
[PlyCount "94"]
[EventDate "2012.11.16"]

1. e4 e5 2. Bc4 Bc5 3. Nf3 d6 4. d3 h6 5. c3 a6 6. Nbd2 Ne7 7. O-O O-O 8. Re1
Kh7 9. Ng5+ Kg6 10. Qf3 hxg5 11. Qg3 Ng8 12. Nf3 f6 13. h4 g4 14. h5+ Kh7 15.
Nh4 Ne7 16. Be3 Bxe3 17. Rxe3 Qe8 18. Kh2 f5 19. exf5 Nxf5 20. Nxf5 Rxf5 21.
Rh1 Rxh5+ 22. Kg1 Rxh1+ 23. Kxh1 Qh5+ 24. Kg1 g5 25. f3 Qh4 26. fxg4 Bxg4 27.
Bd5 c6 28. Be4+ Kh6 29. d4 Nd7 30. dxe5 Qxg3 31. Rxg3 Nxe5 32. Kf2 Rf8+ 33. Ke3
Nc4+ 34. Kd4 Rf4 35. Kxc4 Rxe4+ 36. Kd3 d5 37. b3 Bf5 38. Kd2 b6 39. Rf3 Kg6
40. Rf2 c5 41. Rf3 Rg4 42. g3 Re4 43. Rd3 d4 44. Rf3 Bg4 45. Rf8 Re2+ 46. Kd3
Re3+ 47. Kc4 Be6# 0-1

[Event "XI Weekend A"]
[Site "Vignola ITA"]
[Date "2012.11.16"]
[Round "1"]
[White "Boschesi, Giovanni"]
[Black "Modena, Giorgio"]
[WhiteElo "1629"]
[BlackElo "1934"]
[Result "0-1"]
[PlyCount "68"]
[EventDate "2012.11.16"]

1. e4 e6 2. d4 d5 3. Nc3 dxe4 4. Nxe4 Nd7 5. Nf3 Ngf6 6. Bd3 Nxe4 7. Bxe4 Nf6
8. Bd3 c5 9. c3 Bd7 10. O-O Qc7 11. Re1 Be7 12. Ne5 cxd4 13. Nxd7 Qxd7 14. Qe2
a6 15. Bg5 dxc3 16. Rad1 Qc7 17. bxc3 O-O 18. Bxf6 Bxf6 19. Qe4 g6 20. Re3 Rad8
21. Rb1 Rd7 22. h4 Rfd8 23. h5 b5 24. hxg6 hxg6 25. Qf3 Bg5 26. Rbe1 Bxe3 27.
Rxe3 Kg7 28. g3 Qxc3 29. Be2 Qa1+ 30. Kg2 Rh8 31. Bf1 Qd1 32. Qf4 Qd5+ 33. Rf3
Qh5 34. Qf6+ Kg8 0-1

[Event "XI Weekend A"]
[Site "Vignola ITA"]
[Date "2012.11.16"]
[Round "1"]
[White "Cartegni, Aldo"]
[Black "Simonini, Mattia"]
[WhiteElo "1448"]
[BlackElo "1794"]
[Result "0-1"]
[PlyCount "99"]
[EventDate "2012.11.16"]

1. d4 Nf6 2. Nf3 e6 3. e3 b6 4. Bd3 Bb7 5. O-O d5 6. b3 Nbd7 7. Bb2 Bd6 8. Ne5
c5 9. Nd2 Qc7 10. f4 O-O 11. Rf3 cxd4 12. exd4 Ne4 13. Rh3 f6 14. Qh5 fxe5 15.
Qxh7+ Kf7 16. Qh5+ Ke7 17. Nxe4 dxe4 18. Qg5+ Nf6 19. fxe5 exd3 20. Qxg7+ Ke8
21. Qg6+ Qf7 22. Qxd3 Ne4 23. Rf3 Qe7 24. exd6 Qxd6 25. Raf1 Rxf3 26. Rxf3 Ke7
27. b4 Rf8 28. Rxf8 Kxf8 29. b5 Qf4 30. Qf3 Qxf3 31. gxf3 Nd2 32. f4 Nf3+ 33.
Kf2 Nxh2 34. Kg3 Nf1+ 35. Kf2 Nd2 36. a4 Nc4 37. Bc1 Be4 38. c3 Bc2 39. Ke2
Bxa4 40. Kd3 Bxb5 41. Ke4 a5 42. f5 exf5+ 43. Kxf5 a4 44. Ke6 Ke8 45. d5 Bd7+
46. Kf6 Bh3 47. d6 Kd7 48. Kg5 a3 49. Bxa3 Nxa3 50. Kh4 0-1

[Event "XI Weekend A"]
[Site "Vignola ITA"]
[Date "2012.11.16"]
[Round "1"]
[White "Cavazzoni, Carlo Alberto"]
[Black "Buriani, Andrea"]
[WhiteElo "1675"]
[BlackElo "2081"]
[Result "0-1"]
[PlyCount "112"]
[EventDate "2012.11.16"]

1. Nf3 d5 2. c4 c6 3. cxd5 cxd5 4. d4 Nf6 5. Nc3 Qb6 6. Qc2 Nc6 7. e3 Bd7 8. a3
Rc8 9. Bd3 e6 10. Bd2 Bd6 11. Rc1 O-O 12. O-O e5 13. dxe5 Nxe5 14. Nxe5 Bxe5
15. Qb1 d4 16. Ne2 dxe3 17. Bxe3 Qxb2 18. Bxa7 Qxa3 19. Rxc8 Bxc8 20. Be3 Qb2
21. f4 Qxb1 22. Rxb1 Bd6 23. h3 Nd5 24. Bd2 Bc5+ 25. Kh2 Rd8 26. Bb5 Nc7 27.
Be1 Nxb5 28. Rxb5 b6 29. Nc3 Bb7 30. Rb1 Bc6 31. Kg3 Rd3+ 32. Kh2 f5 33. Ra1
Bd4 34. Rc1 Be3 35. Rd1 Bxf4+ 36. g3 Rxd1 37. Nxd1 Be5 38. Ne3 g6 39. Bb4 f4
40. Nf1 Kf7 41. h4 Ke6 42. gxf4 Bxf4+ 43. Kh3 h5 44. Ng3 Bf3 45. Nf1 Kd5 46.
Nd2 Bh1 47. Nf1 Kc4 48. Be1 b5 49. Ng3 Bf3 50. Nf1 Kd3 51. Bb4 Ke2 52. Ng3+ Kd3
53. Nf1 Bd5 54. Ng3 Kc4 55. Nxh5 gxh5 56. Bd6 Be6+ 0-1

[Event "XI Weekend A"]
[Site "Vignola ITA"]
[Date "2012.11.16"]
[Round "1"]
[White "Chiarion, Elisa"]
[Black "Venturelli, Sara"]
[WhiteElo "1949"]
[BlackElo "1639"]
[Result "1-0"]
[PlyCount "27"]
[EventDate "2012.11.16"]

1. e4 c6 2. d4 d5 3. e5 Bf5 4. Nc3 e6 5. g4 Bg6 6. Nh3 h6 7. Nf4 Ne7 8. Nxg6
Nxg6 9. Bd3 Ne7 10. Be3 g6 11. h4 Nd7 12. f4 Qc7 13. Qd2 c5 14. Nb5 1-0

[Event "XI Weekend A"]
[Site "Vignola ITA"]
[Date "2012.11.16"]
[Round "1"]
[White "Del Gaiso, Massimo"]
[Black "Di Trapani, Davide"]
[WhiteElo "1698"]
[BlackElo "2090"]
[Result "0-1"]
[PlyCount "94"]
[EventDate "2012.11.16"]

1. Nf3 d5 2. c4 c6 3. b3 Nf6 4. Bb2 Nbd7 5. g3 e6 6. Bg2 Bd6 7. O-O O-O 8. Nc3
e5 9. cxd5 cxd5 10. Nb5 Bb8 11. d3 Re8 12. e3 Nb6 13. Rc1 a6 14. Nc3 Bg4 15.
Qd2 Qd7 16. Ne2 Bd6 17. Qa5 Nc8 18. Qd2 Bh3 19. Ng5 Bxg2 20. Kxg2 Ne7 21. f4
Nc6 22. Nc3 Re7 23. Na4 Rae8 24. f5 h6 25. Nf3 e4 26. Bxf6 exf3+ 27. Rxf3 gxf6
28. Nb6 Bb4 29. Nxd7 Bxd2 30. Nxf6+ Kf8 31. Nxe8 Bxc1 32. Nf6 Rxe3 33. Nxd5
Re2+ 34. Rf2 Rxf2+ 35. Kxf2 Ba3 36. Kf3 Nb4 37. Nxb4 Bxb4 38. Ke4 Ke7 39. d4
Kd6 40. g4 f6 41. h4 Bd2 42. Kd3 Bc1 43. a4 Kd5 44. b4 b5 45. axb5 axb5 46. Kc2
Be3 47. Kd3 Bxd4 0-1

[Event "XI Weekend A"]
[Site "Vignola ITA"]
[Date "2012.11.16"]
[Round "1"]
[White "Di Trapani, Luigi"]
[Black "De Biaggi, Paolo"]
[WhiteElo "1548"]
[BlackElo "1865"]
[Result "1/2-1/2"]
[PlyCount "116"]
[EventDate "2012.11.16"]

1. d4 d5 2. Nf3 Nf6 3. Nbd2 e6 4. e3 c5 5. c3 c4 6. Qc2 Be7 7. Be2 b6 8. O-O
Bb7 9. Ne5 Nfd7 10. f4 f5 11. Ndf3 O-O 12. Bd2 Nf6 13. b3 b5 14. bxc4 bxc4 15.
Rfb1 Bc8 16. Qa4 Qc7 17. Bc1 Ne4 18. Qc2 Nc6 19. Nxc6 Qxc6 20. Ne5 Qa6 21. Bf3
Nf6 22. a4 Nd7 23. Ba3 Bxa3 24. Rxa3 Nxe5 25. fxe5 Bd7 26. Bd1 Rab8 27. Ra2 Qa5
28. Rab2 Rb6 29. Rb4 Rfb8 30. Rxb6 Rxb6 31. Rxb6 Qxb6 32. Qa2 a5 33. Kf2 Kf7
34. g4 g5 35. h3 Qb8 36. Kg3 Qf8 37. Qb2 Kg6 38. Qc1 Qb8 39. Kf3 h5 40. gxh5+
Kxh5 41. Kg3+ Kg6 42. Bc2 Qh8 43. Qf1 Qf8 44. Qc1 Kf7 45. Kf3 Qh6 46. Kg2 Qh4
47. Qd2 Kg7 48. Qf2 Qh5 49. Qf3 Qe8 50. Qd1 Qb8 51. Qc1 Kh6 52. Bd1 Be8 53. Kg3
Bh5 54. Bxh5 Kxh5 55. Qd1+ Kh6 56. h4 Qb3 57. hxg5+ Kxg5 58. Qh1 Qxc3 1/2-1/2

[Event "XI Weekend A"]
[Site "Vignola ITA"]
[Date "2012.11.16"]
[Round "1"]
[White "Franco, Alessandro P."]
[Black "Faglioni, Isacco"]
[WhiteElo "1897"]
[BlackElo "1579"]
[Result "1-0"]
[PlyCount "69"]
[EventDate "2012.11.16"]

1. e4 e6 2. d4 d5 3. Nc3 Nf6 4. e5 Nfd7 5. f4 c5 6. Nf3 Nc6 7. Be3 Qb6 8. Qd2
Be7 9. O-O-O c4 10. h4 Qa6 11. h5 b5 12. f5 b4 13. Nb1 Qxa2 14. h6 c3 15. bxc3
bxc3 16. Qxc3 Rb8 17. hxg7 Rxb1+ 18. Kd2 Rxd1+ 19. Kxd1 Rg8 20. f6 Qb1+ 21. Bc1
Bb7 22. Rxh7 Rf8 23. Rh8 Bb4 24. Qb2 Qxb2 25. Bxb2 Ba5 26. Ba3 Bb4 27. Bxb4
Nxb4 28. Bb5 Nc6 29. Rxf8+ Nxf8 30. g8=Q a6 31. Bxc6+ Bxc6 32. Ng5 a5 33. Qxf7+
Kd8 34. Qxf8+ Kc7 35. Nxe6+ 1-0

[Event "XI Weekend A"]
[Site "Vignola ITA"]
[Date "2012.11.16"]
[Round "1"]
[White "Garofalo, Sergio"]
[Black "Trenti, Filippo"]
[WhiteElo "1826"]
[BlackElo "1464"]
[Result "1-0"]
[PlyCount "39"]
[EventDate "2012.11.16"]

1. d4 Nf6 2. Nf3 e6 3. e3 b6 4. Bd3 Bb7 5. Nbd2 Nc6 6. a3 Be7 7. b3 O-O 8. Bb2
d6 9. Qe2 e5 10. dxe5 dxe5 11. Nxe5 Nxe5 12. Bxe5 Bxg2 13. Rg1 Bb7 14. O-O-O
Bxa3+ 15. Kb1 Bd6 16. Bb2 h6 17. Rxg7+ Kxg7 18. Rg1+ Kh8 19. Qh5 Rg8 20. Qxh6#
1-0

[Event "XI Weekend A"]
[Site "Vignola ITA"]
[Date "2012.11.16"]
[Round "1"]
[White "Landi, Federico"]
[Black "Sasdelli, Massimo"]
[WhiteElo "1482"]
[BlackElo "1828"]
[Result "1/2-1/2"]
[PlyCount "27"]
[EventDate "2012.11.16"]

1. e4 e5 2. d4 exd4 3. c3 d5 4. Nf3 Nf6 5. e5 Ne4 6. cxd4 Bb4+ 7. Nbd2 Bg4 8.
Be2 O-O 9. O-O Nxd2 10. Bxd2 Be7 11. h3 Be6 12. Be3 Nd7 13. Bd3 Re8 14. Re1
1/2-1/2

[Event "XI Weekend A"]
[Site "Vignola ITA"]
[Date "2012.11.16"]
[Round "1"]
[White "Malfagia, Andrea"]
[Black "Zuccaro, Guido"]
[WhiteElo "2254"]
[BlackElo "1739"]
[Result "1-0"]
[PlyCount "38"]
[EventDate "2012.11.16"]

1. e4 e6 2. Nf3 d5 3. Nc3 Nf6 4. e5 Nfd7 5. d4 c5 6. dxc5 Bxc5 7. Bd3 Nc6 8.
Bf4 f6 9. exf6 Nxf6 10. Qe2 O-O 11. O-O-O Ne4 12. Nxe4 dxe4 13. Qxe4 g6 14. Bh6
Rf5 15. Qg4 Qf6 16. Bxf5 Qxf5 17. Qh4 Be7 18. Qxe7 Qf4+ 19. Bxf4 Nxe7 1-0

[Event "XI Weekend A"]
[Site "Vignola ITA"]
[Date "2012.11.16"]
[Round "1"]
[White "Molinari, Enzo"]
[Black "Armaroli, Alberto"]
[WhiteElo "1871"]
[BlackElo "1553"]
[Result "1/2-1/2"]
[PlyCount "74"]
[EventDate "2012.11.16"]

1. d4 e6 2. c4 Nf6 3. Nf3 b6 4. Bg5 Be7 5. Nc3 Bb7 6. e3 d5 7. cxd5 Nxd5 8.
Bxe7 Qxe7 9. Be2 Nd7 10. O-O c5 11. Rc1 O-O 12. a3 Rfd8 13. b4 Nxc3 14. Rxc3
cxb4 15. axb4 Qxb4 16. Rc7 Rab8 17. Qc2 Rdc8 18. h3 Qd6 19. Rc1 Rxc7 20. Qxc7
Qxc7 21. Rxc7 Nf8 22. Ne5 f6 23. Nc4 Bd5 24. Rxa7 b5 25. Nd6 b4 26. Bc4 b3 27.
Bxd5 exd5 28. Ra1 Nd7 29. Nf5 Kf7 30. Rb1 b2 31. e4 dxe4 32. Nd6+ Ke6 33. Nxe4
Kd5 34. Nc3+ Kxd4 35. Nd1 Nc5 36. Rxb2 Rxb2 37. Nxb2 h5 1/2-1/2

[Event "XI Weekend A"]
[Site "Vignola ITA"]
[Date "2012.11.16"]
[Round "1"]
[White "Paoli, Walter"]
[Black "Degli Esposti, Eugenio"]
[WhiteElo "2045"]
[BlackElo "1668"]
[Result "1-0"]
[PlyCount "106"]
[EventDate "2012.11.16"]

1. Nf3 Nf6 2. g3 g6 3. Bg2 Bg7 4. O-O O-O 5. c4 d6 6. d4 c5 7. Nc3 a6 8. Bg5
Be6 9. d5 Bd7 10. a4 h6 11. Bd2 Ne8 12. h3 Bc8 13. Qc2 Nd7 14. e4 Ne5 15. Nxe5
Bxe5 16. Bxh6 Bg7 17. Bxg7 Nxg7 18. Qe2 Qb6 19. a5 Qc7 20. Qd2 Bd7 21. f4 b5
22. b3 bxc4 23. bxc4 Rab8 24. Rfb1 Rb4 25. Rxb4 cxb4 26. Na2 Qc5+ 27. Kh2 Rb8
28. Rb1 b3 29. Qc3 Ba4 30. Nc1 Nh5 31. Rb2 Kh7 32. Bf3 Rc8 33. Nxb3 Bxb3 34.
Bxh5 Bxc4 35. Bg4 Rc7 36. h4 Qa7 37. Rc2 Qc5 38. Qd2 Qa7 39. f5 Bb5 40. fxg6+
fxg6 41. Rxc7 Qxc7 42. h5 Bd7 43. Bxd7 Qxd7 44. Qg5 Qe8 45. Qxg6+ Qxg6 46.
hxg6+ Kxg6 47. Kg2 Kf6 48. Kf3 Ke5 49. Ke3 Kf6 50. Kf4 Kg6 51. e5 dxe5+ 52.
Kxe5 Kg7 53. Ke6 Kf8 1-0

[Event "XI Weekend A"]
[Site "Vignola ITA"]
[Date "2012.11.16"]
[Round "1"]
[White "Pomante, Sergio"]
[Black "Sfera, Mattia"]
[WhiteElo "1648"]
[BlackElo "2000"]
[Result "0-1"]
[PlyCount "100"]
[EventDate "2012.11.16"]

1. e4 e6 2. d4 d5 3. exd5 exd5 4. Nf3 Bd6 5. c4 c6 6. Qe2+ Ne7 7. g3 O-O 8. Bg2
Re8 9. O-O Bg4 10. Re1 Nd7 11. Bd2 dxc4 12. Qxc4 Nb6 13. Qc1 Nf5 14. Ne5 Bxe5
15. dxe5 Nd4 16. f3 Nxf3+ 17. Bxf3 Bxf3 18. Qc3 Qd5 19. Bf4 Na4 20. Qd2 Rad8
21. Qxd5 Bxd5 22. b3 Nc5 23. Nc3 Nd3 24. Re3 Nb4 25. Rd1 Be6 26. Rd6 Nd5 27.
Nxd5 Bxd5 28. Bg5 Rb8 29. Rd7 Kf8 30. Bf4 Be6 31. Rc7 h6 32. Re4 Rec8 33. Rxc8+
Rxc8 34. Be3 b6 35. Ra4 Rc7 36. Kf2 Ke7 37. Kf3 Bd5+ 38. Kf4 Ke6 39. Bd4 c5 40.
Bb2 a5 41. Ke3 g5 42. h4 Ra7 43. Bc3 Ra8 44. Kf2 Bc6 45. Rc4 Kd5 46. hxg5 hxg5
47. Ke3 b5 48. Rg4 Rg8 49. Bxa5 Bd7 50. Re4 Bf5 0-1

[Event "XI Weekend A"]
[Site "Vignola ITA"]
[Date "2012.11.16"]
[Round "1"]
[White "Sacchetti, Andrea"]
[Black "Castellari, Claudio"]
[WhiteElo "1865"]
[BlackElo "1539"]
[Result "1-0"]
[PlyCount "91"]
[EventDate "2012.11.16"]

1. d4 d5 2. c4 c6 3. e3 Nf6 4. Nc3 e6 5. Nf3 Nbd7 6. Bd3 dxc4 7. Bxc4 b5 8. Bd3
Bb7 9. O-O Bd6 10. Qc2 a6 11. a3 c5 12. Ne4 Nxe4 13. Bxe4 Bxe4 14. Qxe4 cxd4
15. Qxd4 Nf6 16. Bd2 O-O 17. Bc3 Be7 18. Rfd1 Qxd4 19. Bxd4 Rfd8 20. Ne5 Kf8
21. Rac1 Rac8 22. Nc6 Rd7 23. Nxe7 Rxc1 24. Ng6+ hxg6 25. Rxc1 Ne8 26. Kf1 Rc7
27. Rxc7 Nxc7 28. e4 f5 29. f3 Ne8 30. Ke2 Kf7 31. Kd3 Nd6 32. b3 Nb7 33. Bb6
e5 34. a4 Ke6 35. axb5 axb5 36. Kc3 Nd6 37. Bc7 fxe4 38. Bxd6 Kxd6 39. fxe4 Kc5
40. b4+ Kd6 41. Kd3 Ke6 42. Ke3 Kf6 43. Kf3 g5 44. Kg4 Kg6 45. h3 Kf6 46. Kh5
1-0

[Event "XI Weekend A"]
[Site "Vignola ITA"]
[Date "2012.11.16"]
[Round "1"]
[White "Santamato, Luigi"]
[Black "Ricci Petitoni, Angelo"]
[WhiteElo "1775"]
[BlackElo "1381"]
[Result "1-0"]
[PlyCount "70"]
[EventDate "2012.11.16"]

1. d4 e6 2. c4 c5 3. d5 exd5 4. cxd5 d6 5. g3 Nf6 6. Bg2 Na6 7. Nc3 Nc7 8. Nf3
Be7 9. O-O b5 10. Bg5 h6 11. Bxf6 Bxf6 12. Qd2 O-O 13. Ne4 Be7 14. Rfd1 Ne8 15.
Rac1 a5 16. Nc3 Ba6 17. Re1 Nf6 18. e4 Nh7 19. e5 Ng5 20. Nxg5 Bxg5 21. f4 Be7
22. Ne4 Bb7 23. exd6 Bxd6 24. Nxc5 Qb6 25. Qf2 Bc8 26. Ne4 Qxf2+ 27. Kxf2 Ra6
28. Nxd6 Rxd6 29. Re7 Bf5 30. Ke3 Rd7 31. Rxd7 Bxd7 32. Kd4 Rc8 33. Rxc8+ Bxc8
34. Kc5 Bd7 35. Kd6 Be8 1-0

[Event "XI Weekend A"]
[Site "Vignola ITA"]
[Date "2012.11.16"]
[Round "1"]
[White "Setti, Roberto"]
[Black "Venturelli, Giuseppe"]
[WhiteElo "1976"]
[BlackElo "1644"]
[Result "1-0"]
[PlyCount "35"]
[EventDate "2012.11.16"]

1. d4 c6 2. Nf3 d5 3. c4 Bg4 4. Ne5 Bf5 5. Nc3 Nf6 6. Qb3 Qc7 7. cxd5 Nxd5 8.
e4 Nxc3 9. Qxf7+ Kd8 10. Qxf5 Na4 11. Bc4 Ke8 12. O-O g6 13. Qf3 Nb6 14. Bb3
N8d7 15. Nf7 Rg8 16. Ng5 Rg7 17. Bf7+ Rxf7 18. Qxf7+ 1-0

[Event "XI Weekend A"]
[Site "Vignola ITA"]
[Date "2012.11.16"]
[Round "1"]
[White "Trenti, Matteo"]
[Black "Carletti, Davide M."]
[WhiteElo "1558"]
[BlackElo "1873"]
[Result "0-1"]
[PlyCount "74"]
[EventDate "2012.11.16"]

1. e4 e5 2. Nf3 Nc6 3. d3 Nf6 4. c3 Bc5 5. Be2 O-O 6. O-O d5 7. exd5 Nxd5 8.
Nbd2 Bb6 9. a4 a5 10. Nc4 Re8 11. Nxb6 Nxb6 12. Be3 Nd5 13. Nd2 f5 14. Bf3 Nxe3
15. fxe3 Qxd3 16. e4 f4 17. Qb3+ Be6 18. Qxb7 Qd7 19. Qb5 Rab8 20. Qe2 Rxb2 21.
Rad1 Rd8 22. Rf2 Qd3 23. Qxd3 Rxd3 24. Nf1 Rxf2 25. Kxf2 Rxc3 26. Nd2 Nd4 27.
Nb1 Rc2+ 28. Rd2 Rxd2+ 29. Nxd2 Nb3 30. Ke1 Nc5 31. Bd1 Kf7 32. Nf3 Kf6 33. Bc2
Bd7 34. Nd2 Bxa4 35. Bxa4 Nxa4 36. Nc4 Nc3 37. Nxa5 Nxe4 0-1

[Event "XI Weekend A"]
[Site "Vignola ITA"]
[Date "2012.11.16"]
[Round "1"]
[White "Vincenzi, Marco"]
[Black "De Simone Sorrentino, Fabio"]
[WhiteElo "2088"]
[BlackElo "1686"]
[Result "1-0"]
[PlyCount "77"]
[EventDate "2012.11.16"]

1. e4 e6 2. d4 d5 3. Nc3 Bb4 4. e5 c5 5. a3 Bxc3+ 6. bxc3 Ne7 7. Nf3 Nbc6 8. a4
cxd4 9. cxd4 Qc7 10. Be2 O-O 11. O-O f6 12. Ba3 fxe5 13. dxe5 Rf4 14. Bd3 Bd7
15. Bd6 Qa5 16. Qd2 Qxd2 17. Nxd2 Nf5 18. g3 Rd4 19. Nf3 Rg4 20. h3 Rg6 21. Kh2
Rh6 22. Ba3 Ncd4 23. Nxd4 Nxd4 24. Bc1 Rh5 25. f4 Rh6 26. f5 Rh5 27. g4 Rc8 28.
gxh5 exf5 29. h6 Nxc2 30. Rb1 b6 31. hxg7 d4 32. Bxf5 Bxf5 33. Rxf5 Kxg7 34.
Bf4 Ne3 35. Rg1+ Kh8 36. e6 Nxf5 37. Be5+ Ng7 38. Rxg7 Rc2+ 39. Rg2# 1-0

[Event "XI Weekend A"]
[Site "Vignola ITA"]
[Date "2012.11.17"]
[Round "2"]
[White "Buriani, Andrea"]
[Black "Sacchetti, Andrea"]
[WhiteElo "2081"]
[BlackElo "1865"]
[Result "1-0"]
[PlyCount "45"]
[EventDate "2012.11.16"]

1. d4 d5 2. Nf3 Nf6 3. e3 e6 4. Bd3 Be7 5. Nbd2 Nbd7 6. O-O O-O 7. b3 b6 8. Bb2
Bb7 9. Qe2 a6 10. c4 c5 11. Rac1 dxc4 12. bxc4 b5 13. Nb3 bxc4 14. Bxc4 cxd4
15. Bxd4 a5 16. Rfd1 Qb8 17. a4 Ng4 18. e4 Nde5 19. Nxe5 Nxe5 20. Bb5 Bb4 21.
Bb6 Ba6 22. Bc7 Bxb5 23. axb5 1-0

[Event "XI Weekend A"]
[Site "Vignola ITA"]
[Date "2012.11.17"]
[Round "2"]
[White "Cocuzzi, Edoardo"]
[Black "Malfagia, Andrea"]
[WhiteElo "1958"]
[BlackElo "2254"]
[Result "1-0"]
[PlyCount "119"]
[EventDate "2012.11.16"]

1. e4 d6 2. d4 Nf6 3. Nc3 e5 4. dxe5 dxe5 5. Qxd8+ Kxd8 6. Bc4 Be6 7. Bxe6 fxe6
8. f3 Bc5 9. Na4 Bd6 10. Be3 Nbd7 11. O-O-O Ke7 12. c4 b5 13. cxb5 Rhb8 14. Nc3
a6 15. bxa6 Rxa6 16. Rd2 Bb4 17. Nge2 Nc5 18. Bxc5+ Bxc5 19. Rc2 Be3+ 20. Kb1
Nd7 21. Rd1 Nc5 22. Nc1 g5 23. Nd3 Nd7 24. Re1 Ba7 25. Nd1 Rb7 26. N1f2 Bd4 27.
Rec1 Kd6 28. Rc4 c5 29. Nd1 Rba7 30. a3 Ra5 31. R4c2 Rb5 32. Nc3 Rb3 33. a4 Ra5
34. Ne1 Bxc3 35. Rxc3 Rxc3 36. Rxc3 Rxa4 37. b3 Ra5 38. Nc2 Rb5 39. Na3 Rb8 40.
Nc4+ Ke7 41. Rd3 h5 42. Na5 Rb6 43. Nc4 Ra6 44. g3 Ra7 45. h4 gxh4 46. gxh4 Rb7
47. Na5 Rc7 48. Rd2 Rc8 49. Rg2 Rf8 50. Rg7+ Kd6 51. Nc4+ Kc6 52. Kc2 Rxf3 53.
Rxd7 Rf4 54. Nxe5+ Kb5 55. Kd3 Rxh4 56. Rb7+ Ka6 57. Rd7 Rh3+ 58. Kc4 Re3 59.
Kxc5 Rxe4 60. Nc6 1-0

[Event "XI Weekend A"]
[Site "Vignola ITA"]
[Date "2012.11.17"]
[Round "2"]
[White "De Biaggi, Paolo"]
[Black "Santamato, Luigi"]
[WhiteElo "1865"]
[BlackElo "1775"]
[Result "1-0"]
[PlyCount "89"]
[EventDate "2012.11.16"]

1. e4 c6 2. d4 d5 3. exd5 cxd5 4. Bd3 Nc6 5. c3 Qc7 6. Ne2 Bg4 7. f3 Bd7 8. f4
g6 9. O-O Bf5 10. Na3 Nf6 11. Ng3 Bxd3 12. Qxd3 e6 13. Nc2 Bg7 14. Bd2 O-O 15.
Rac1 Na5 16. Ne3 Nc4 17. Nxc4 dxc4 18. Qf3 Rfd8 19. Rce1 Rd5 20. Re5 Rad8 21.
Bc1 Qa5 22. a3 Qa4 23. h4 h5 24. Re2 b5 25. Ne4 Nxe4 26. Qxe4 a5 27. Qc2 Qxc2
28. Rxc2 Re8 29. Kf2 b4 30. axb4 axb4 31. Bd2 bxc3 32. bxc3 Rb5 33. Ra1 Rb7 34.
Ke3 Kf8 35. Ra4 Ke7 36. Rb4 Rxb4 37. cxb4 Kd6 38. Bc3 Ra8 39. Rb2 Kd5 40. b5
Bxd4+ 41. Bxd4 Ra3+ 42. Ke2 Kxd4 43. b6 Re3+ 44. Kd1 Kc5 45. b7 1-0

[Event "XI Weekend A"]
[Site "Vignola ITA"]
[Date "2012.11.17"]
[Round "2"]
[White "De Simone Sorrentino, Fabio"]
[Black "Boschesi, Giovanni"]
[WhiteElo "1686"]
[BlackElo "1629"]
[Result "1-0"]
[PlyCount "61"]
[EventDate "2012.11.16"]

1. e4 e5 2. Bc4 Nf6 3. d3 Be7 4. Nf3 d6 5. O-O Bg4 6. Be3 O-O 7. Nbd2 Nbd7 8.
h3 Bh5 9. Qe1 c6 10. Nh2 Qc7 11. f4 d5 12. exd5 cxd5 13. fxe5 Nxe5 14. Bb3 Bd6
15. Nhf3 Rfe8 16. Nd4 Bc5 17. Qg3 Qe7 18. Kh1 Bg6 19. Nf5 Bxf5 20. Bxc5 Qxc5
21. Rxf5 Ng6 22. Raf1 Re3 23. Qf2 Qe7 24. Ne4 Nxe4 25. Qxe3 Nd6 26. Qxe7 Nxe7
27. Re5 Kf8 28. Bxd5 Nxd5 29. Rxd5 Ne8 30. Rd7 Nf6 31. Rxb7 1-0

[Event "XI Weekend A"]
[Site "Vignola ITA"]
[Date "2012.11.17"]
[Round "2"]
[White "Di Trapani, Davide"]
[Black "Franco, Alessandro P."]
[WhiteElo "2090"]
[BlackElo "1897"]
[Result "1-0"]
[PlyCount "53"]
[EventDate "2012.11.16"]

1. e4 c5 2. Nf3 d6 3. d4 cxd4 4. Nxd4 Nf6 5. Nc3 a6 6. Be3 b5 7. f3 e6 8. Qd2
Be7 9. g4 O-O 10. O-O-O Bb7 11. h4 Nbd7 12. h5 Nc5 13. b4 Na4 14. Nxa4 bxa4 15.
g5 Nd7 16. g6 Ne5 17. h6 Nxg6 18. hxg7 Kxg7 19. Bh3 Kh8 20. Rh2 d5 21. Rdh1 Qd6
22. Bxe6 Qxb4 23. Rxh7+ Kg8 24. Qg2 Qe1+ 25. Rxe1 Kxh7 26. Rh1+ Kg7 27. Bh6+
1-0

[Event "XI Weekend A"]
[Site "Vignola ITA"]
[Date "2012.11.17"]
[Round "2"]
[White "Faglioni, Isacco"]
[Black "Del Gaiso, Massimo"]
[WhiteElo "1579"]
[BlackElo "1698"]
[Result "0-1"]
[PlyCount "90"]
[EventDate "2012.11.16"]

1. Nf3 Nf6 2. g3 g6 3. Bg2 Bg7 4. O-O O-O 5. c4 c5 6. Na3 b6 7. Ne5 d5 8. cxd5
Nxd5 9. Nec4 Bb7 10. e4 Nb4 11. Nc2 Nd3 12. Ne1 Nc6 13. Qb3 Nxc1 14. Rxc1 Nd4
15. Qd3 b5 16. Na3 c4 17. Qe3 a6 18. Nac2 Rc8 19. e5 Nf5 20. Qe2 Bxg2 21. Nxg2
Nd4 22. Qg4 Nxc2 23. Rxc2 Bxe5 24. f4 Qb6+ 25. Kh1 Bg7 26. Qe2 Rfe8 27. g4 e6
28. h4 Qc5 29. h5 gxh5 30. gxh5 Qf5 31. Ne3 Qe4+ 32. Kh2 Rc5 33. Qg4 h6 34. Rg1
Qd4 35. Qh4 Kh7 36. Rg4 Qd3 37. Kh1 Bd4 38. Qh2 Bxe3 39. dxe3 Qf1+ 40. Rg1 Qf3+
41. Rcg2 Rxh5 42. Qxh5 Qxh5+ 43. Rh2 Qf3+ 44. Rhg2 Qxe3 45. Rg4 Qh3# 0-1

[Event "XI Weekend A"]
[Site "Vignola ITA"]
[Date "2012.11.17"]
[Round "2"]
[White "Ferraguti, Francesco"]
[Black "Landi, Federico"]
[WhiteElo "1914"]
[BlackElo "1482"]
[Result "1-0"]
[PlyCount "147"]
[EventDate "2012.11.16"]

1. d4 d5 2. c4 e6 3. Nc3 Nf6 4. Bg5 Be7 5. e3 Nc6 6. cxd5 Nxd5 7. Bxe7 Ncxe7 8.
Bd3 Nf6 9. Nge2 Bd7 10. O-O O-O 11. Qc2 g6 12. Rab1 Ned5 13. a3 Bc6 14. e4 Ne7
15. b4 b6 16. e5 Nfd5 17. Ne4 f5 18. exf6 Nxf6 19. f3 Qd7 20. Nxf6+ Rxf6 21.
Rfc1 a6 22. Qd2 b5 23. Rc5 Nd5 24. Rbc1 Bb7 25. Be4 c6 26. R1c2 Raf8 27. Nc1
Ba8 28. Nd3 Rc8 29. Ne5 Qe8 30. Qg5 Kg7 31. Ng4 Rf7 32. Qe5+ Kf8 33. Nh6 Rfc7
34. Bxd5 exd5 35. Qh8+ Ke7 36. Re2+ Kd7 37. Rxe8 Rxe8 38. Qxh7+ Kc8 39. Qxg6
Re1+ 40. Kf2 Rce7 41. Qf5+ Kc7 42. Rc1 R1e2+ 43. Kg3 Rg7+ 44. Ng4 Ree7 45. Qxd5
Rd7 46. Qe5+ Kc8 47. d5 Rge7 48. Qh8+ Rd8 49. Qh5 Kc7 50. dxc6 Bxc6 51. Ne5
Rg7+ 52. Kf2 Rd2+ 53. Ke3 Rd6 54. Nxc6 Kb7 55. Na5+ Ka7 56. Qc5+ Rb6 57. Qe5
Rf7 58. Rc7+ Rxc7 59. Qxc7+ Ka8 60. Qc8+ Ka7 61. Nc6+ Rxc6 62. Qxc6 a5 63. Qxb5
a4 64. g4 Ka8 65. g5 Ka7 66. g6 Ka8 67. h4 Ka7 68. h5 Ka8 69. h6 Ka7 70. g7 Ka8
71. h7 Ka7 72. h8=B Ka8 73. g8=B Ka7 74. Bd4+ 1-0

[Event "XI Weekend A"]
[Site "Vignola ITA"]
[Date "2012.11.17"]
[Round "2"]
[White "Modena, Giorgio"]
[Black "Vincenzi, Marco"]
[WhiteElo "1934"]
[BlackElo "2088"]
[Result "0-1"]
[PlyCount "186"]
[EventDate "2012.11.16"]

1. e4 e5 2. Nf3 Nc6 3. Bb5 a6 4. Ba4 Nge7 5. c3 g6 6. O-O Bg7 7. d3 O-O 8. h3
d5 9. Qe2 b5 10. Bc2 Na5 11. Bg5 dxe4 12. dxe4 c5 13. Nbd2 Be6 14. Rfd1 Qc7 15.
b3 Nac6 16. Be3 Nd8 17. Ne1 f5 18. f3 Nf7 19. Rac1 Bh6 20. Bxh6 Nxh6 21. Nd3
Nf7 22. Nb2 Rac8 23. a4 c4 24. axb5 axb5 25. b4 Qa7+ 26. Qf2 Ra8 27. Qxa7 Rxa7
28. Ra1 Rfa8 29. Rxa7 Rxa7 30. Rb1 Ra2 31. Nf1 f4 32. Bd1 Nc6 33. Be2 Kf8 34.
h4 Kg7 35. g3 Bh3 36. g4 h5 37. g5 Kf8 38. Kf2 Ke7 39. Ke1 Nfd8 40. Nd2 Nxb4
41. Ndxc4 bxc4 42. cxb4 c3 43. Nd3 Nc6 44. Rc1 Nd4 45. Bd1 c2 46. Nxe5 cxd1=Q+
47. Kxd1 Nxf3 48. Nxg6+ Kd6 49. Rc2 Ra1+ 50. Rc1 Ra2 51. Rc2 Ra4 52. Rb2 Bg4
53. Kc2 Nd4+ 54. Kd3 Ne6 55. Kc4 Ra1 56. Rd2+ Kc7 57. Rc2 Bd1 58. Rf2 f3 59.
Kd5 Nd8 60. Ne5 Bb3+ 61. Kd4 Ne6+ 62. Ke3 Bd1 63. g6 Ra3+ 64. Kd2 Be2 65. b5
Kd6 66. Nf7+ Kc5 67. Ng5 Ng7 68. e5 Kd5 69. b6 Kc6 70. e6 Kxb6 71. e7 Rd3+ 72.
Kc2 Re3 73. Kd2 Rd3+ 74. Kc2 Re3 75. Kd2 Rxe7 76. Nxf3 Bxf3 77. Rxf3 Re6 78.
Rg3 Kc5 79. Kd3 Kd5 80. Rg5+ Re5 81. Rg1 Re6 82. Rg5+ Kd6 83. Ra5 Ke7 84. Rg5
Kf6 85. Kc4 Re4+ 86. Kd3 Rxh4 87. Rg1 Rg4 88. Rf1+ Kxg6 89. Ke3 Kg5 90. Ra1
Nf5+ 91. Kf2 h4 92. Ra8 h3 93. Rh8 Rg2+ 0-1